[Event "Tilburg"]
[Site "Tilburg"]
[Date "1992.??.??"]
[Round "1"]
[White "Eingorn, Vereslav S"]
[Black "Wojtkiewicz, Aleksander"]
[Result "0-1"]
[WhiteElo "2590"]
[BlackElo "2530"]

1.d4 Nf6 2.Nf3 g6 3.c4 Bg7 4.Nc3 O-O 5.e4 d6 6.Be2 e5 7.O-O Nc6 8.d5 Ne7
9.Bg5 h6 10.Bxf6 Bxf6 11.b4 Kg7 12.c5 Ng8 13.Nd2 Be7 14.c6 bxc6 15.dxc6 Bg5
16.Bc4 f5 17.Re1 Nf6 18.exf5 Bxf5 19.Nde4 Nxe4 20.Nxe4 h5 21.b5 Bf4 22.g3 Bh6
23.a4 Rb8 24.Nc3 h4 25.a5 Bg5 26.Ra2 hxg3 27.hxg3 Rh8 28.Nd5 Qg8 29.Ne3 Be4
30.Kf1 Qf8 31.f4 Rh1+ 32.Ke2 Rh2+ 33.Kf1 Rxa2 34.Bxa2 Bxf4 35.Kg1 Bxg3 36.Rf1 Bf4
37.Ng2 Qf6 38.Qg4 Bf5 39.Qe2 Qg5 40.Bd5 Qg3 41.Rxf4 exf4 42.Qe7+ Kh6 43.b6 axb6
44.Qxc7 Re8  0-1

[Event "Tilburg"]
[Site "Tilburg"]
[Date "1992.??.??"]
[Round "2"]
[White "Wojtkiewicz, Aleksander"]
[Black "Eingorn, Vereslav S"]
[Result "1/2-1/2"]
[WhiteElo "2530"]
[BlackElo "2590"]

1.Nf3 c5 2.c4 Nc6 3.d4 cxd4 4.Nxd4 e6 5.Nc3 Nf6 6.Ndb5 d5 7.Bf4 e5 8.cxd5 exf4
9.dxc6 bxc6 10.Qxd8+ Kxd8 11.Rd1+ Bd7 12.Nd6 Bxd6 13.Rxd6 Rb8 14.Rd2 Ke7
15.g3 fxg3 16.hxg3 Rb4 17.Bg2 c5 18.Nd5+ Nxd5 19.Bxd5 Bf5 20.f3 h6 21.e4 Be6
22.Bxe6 fxe6 23.Ke2 Rhb8 24.b3 c4 25.Rc1 cxb3 26.Rc7+ Kf6 27.axb3 R8b7 28.Rdd7 Rxc7
29.Rxc7 Rxb3 30.Rxa7 g6 31.Kf2 Rb2+ 32.Ke3 h5 33.f4  1/2-1/2

[Event "Wisla BES op"]
[Site "Wisla"]
[Date "1992.??.??"]
[Round "2"]
[White "Kempys, Marek"]
[Black "Wojtkiewicz, Aleksander"]
[Result "0-1"]
[WhiteElo "2310"]
[BlackElo "2495"]

1.g3 e5 2.Bg2 d5 3.d3 Nf6 4.Nf3 Nc6 5.c3 a5 6.a4 Be7 7.O-O O-O 8.Na3 Re8
9.Nb5 h6 10.Qc2 Bf5 11.Nh4 Be6 12.e4 Qd7 13.f4 exf4 14.gxf4 dxe4 15.dxe4 Ng4
16.f5 Bc4 17.Rf4 Bd3  0-1

[Event "Wisla BES op"]
[Site "Wisla"]
[Date "1992.??.??"]
[Round "3"]
[White "Wojtkiewicz, Aleksander"]
[Black "Kostyra, Stanislaw"]
[Result "1-0"]
[WhiteElo "2495"]
[BlackElo "2365"]

1.Nf3 c5 2.c4 Nc6 3.d4 cxd4 4.Nxd4 Nf6 5.Nc3 e6 6.a3 d5 7.cxd5 Nxd5 8.Nxc6 bxc6
9.Bd2 Be7 10.Qc2 O-O 11.e3 a5 12.Bd3 h6 13.O-O Ba6 14.Bxa6 Rxa6 15.e4 Nxc3
16.Bxc3 Qb6 17.Rad1 Ra7 18.Rd3 Rd8 19.Rxd8+ Bxd8 20.Rd1 Be7 21.Rd3 a4 22.Qd1 Qb5
23.Rg3 Bf8 24.Qd4  1-0

[Event "Wisla BES op"]
[Site "Wisla"]
[Date "1992.??.??"]
[Round "5"]
[White "Aleksandrov, Aleksej"]
[Black "Wojtkiewicz, Aleksander"]
[Result "1-0"]
[WhiteElo "2460"]
[BlackElo "2495"]

1.d4 Nf6 2.c4 c5 3.d5 e6 4.Nc3 exd5 5.cxd5 d6 6.e4 g6 7.f4 Bg7 8.Bb5+ Nbd7
9.e5 dxe5 10.fxe5 Nh5 11.e6 Qh4+ 12.Kd2 fxe6 13.dxe6 O-O 14.exd7 Bxd7 15.Bxd7 Rad8
16.Kc2 Rf2+ 17.Kb1 Bxc3 18.Qg4 Bf6 19.Nh3 Rxd7 20.Nxf2  1-0

[Event "Wisla BES op"]
[Site "Wisla"]
[Date "1992.??.??"]
[Round "8"]
[White "Krzywicki, Dariusz"]
[Black "Wojtkiewicz, Aleksander"]
[Result "0-1"]
[WhiteElo "2275"]
[BlackElo "2495"]

1.Nf3 c5 2.g3 b6 3.Bg2 Bb7 4.O-O g6 5.c4 Bg7 6.Nc3 Nf6 7.d4 cxd4 8.Nxd4 Bxg2
9.Kxg2 Qc7 10.b3 Qb7+ 11.f3 O-O 12.e4 d6 13.Bb2 Nbd7 14.Qd2 a6 15.Rad1 Rfe8
16.Rfe1 Rac8 17.Re2 Nc5 18.Ree1 Nfd7 19.Qc2 Ne5 20.Rd2 Bh6 21.Rdd1 e6 22.h4 f5
23.h5 f4 24.g4 gxh5 25.gxh5 Qe7 26.Rg1 Kf7 27.Kh1 Ncd3 28.Rg2 Rg8 29.Rdg1 Nxb2
30.Qxb2 Qh4+ 31.Rh2 Rxg1+ 32.Kxg1 Qe1+ 33.Kg2 Rg8+  0-1

[Event "Bern op"]
[Site "Bern"]
[Date "1993.??.??"]
[Round "2"]
[White "Wojtkiewicz, Aleksander"]
[Black "Jurek, Josef"]
[Result "1-0"]
[WhiteElo "2580"]
[BlackElo "2280"]

1.Nf3 Nf6 2.c4 b6 3.g3 Bb7 4.Bg2 c5 5.O-O e6 6.Nc3 d6 7.d4 cxd4 8.Qxd4 a6
9.Rd1 Be7 10.Ng5 Bxg2 11.Kxg2 Ra7 12.Be3 Nbd7 13.Nge4 O-O 14.Nxd6 Qa8+ 15.f3 Rd8
16.Nde4 Rc7 17.b3 Ne8 18.Bf4 Rc6 19.g4 b5 20.cxb5 axb5 21.Nxb5 Ndf6 22.Qa7 Nd5
23.Bd2 Qxa7 24.Nxa7 Rb6 25.Nc3 Ndc7 26.Be3 Ra6 27.a4 Ra8 28.Nab5 Rc6 29.Rac1 Nf6
30.Bd4 Kf8 31.Nxc7 Rxc7 32.Nb5 Rxc1 33.Rxc1 Nd5 34.Kf1 Bg5 35.Rc4 e5 36.Bc5+ Be7
37.Nc7  1-0

[Event "Bern op"]
[Site "Bern"]
[Date "1993.??.??"]
[Round "3"]
[White "Begovac, Franja"]
[Black "Wojtkiewicz, Aleksander"]
[Result "0-1"]
[WhiteElo "2405"]
[BlackElo "2580"]

1.d4 Nf6 2.c4 g6 3.Nc3 Bg7 4.e4 d6 5.f3 O-O 6.Be3 c5 7.Nge2 Nc6 8.d5 Ne5
9.Ng3 e6 10.Be2 exd5 11.cxd5 a6 12.O-O b5 13.Qd2 Re8 14.b3 Bd7 15.a4 bxa4
16.Nxa4 Rb8 17.Qc2 Bb5 18.Ra3 h5 19.Nh1 Nxd5 20.exd5 Nd7 21.Bxb5 axb5 22.Bf2 bxa4
23.Rxa4 Nb6 24.Ra7 Nxd5 25.Qc4 Nc7 26.Ng3 Rb4 27.Qd3 Nb5 28.Rb7 Nc3 29.Rxb4 cxb4
30.Ne4 d5 31.Nc5 Qd6 32.Qa6 Qxa6 33.Nxa6 Bf8 34.Bc5 Bxc5+ 35.Nxc5 d4 36.Nd3 Re3
37.Nxb4 d3 38.Nxd3 Rxd3 39.Re1 Nb5 40.b4 Rb3 41.Re4 Kg7 42.h4 Nc3  0-1

[Event "Bern op"]
[Site "Bern"]
[Date "1993.??.??"]
[Round "4"]
[White "Wojtkiewicz, Aleksander"]
[Black "Nemet, Ivan"]
[Result "1-0"]
[WhiteElo "2580"]
[BlackElo "2415"]

1.Nf3 Nf6 2.c4 g6 3.g3 Bg7 4.Bg2 O-O 5.d4 d6 6.O-O c6 7.Nc3 Bf5 8.Qb3 Qc7
9.Re1 a5 10.e4 Bg4 11.Be3 Na6 12.h3 Bd7 13.e5 Ne8 14.Bf4 Rb8 15.Ne4 c5 16.exd6 exd6
17.Rad1 Bf5 18.Nc3 Nb4 19.Rd2 cxd4 20.Nb5 Qc8 21.Nxd6 Nxd6 22.Bxd6 Nc6 23.Bxb8 Qxb8
24.Qb6 Rd8 25.Red1 Qc8 26.Kh2 Qd7 27.a3 Be6 28.Qb5 h6 29.b4 Qc7 30.c5 Bb3
31.Rb1 Bd5 32.Ne1 Bxg2 33.Kxg2 axb4 34.axb4 Qe7 35.Qe2 Qd7 36.Nd3 Ne7 37.Qf3 Nd5
38.Ra1 Qb5  1-0

[Event "Bern op"]
[Site "Bern"]
[Date "1993.??.??"]
[Round "7"]
[White "Epishin, Vladimir"]
[Black "Wojtkiewicz, Aleksander"]
[Result "1-0"]
[WhiteElo "2620"]
[BlackElo "2580"]

1.d4 Nf6 2.c4 g6 3.Nc3 Bg7 4.e4 d6 5.Nf3 O-O 6.Be2 e5 7.O-O Nc6 8.d5 Ne7
9.Nd2 a5 10.Rb1 Nd7 11.a3 f5 12.b4 Kh8 13.Qc2 Nf6 14.f3 Nh5 15.c5 axb4 16.axb4 Nf4
17.Nc4 g5 18.Be3 Neg6 19.b5 Nh4 20.g3 Nh3+ 21.Kh1 f4 22.Bd2 g4 23.gxh4 g3
24.Be1 Qxh4 25.Bd1 Rf6 26.Rb2 Rg6 27.Qe2 Qh5 28.b6 dxc5 29.bxc7 b5 30.Nxb5 Ba6
31.Nbd6 Rf6 32.Qg2 Rxd6 33.Nxd6 Bxf1 34.Qxf1  1-0

[Event "Budapest zt-A"]
[Site "Budapest"]
[Date "1993.??.??"]
[Round "2"]
[White "Gdanski, Jacek"]
[Black "Wojtkiewicz, Aleksander"]
[Result "1/2-1/2"]
[WhiteElo "2480"]
[BlackElo "2580"]

1.e4 c5 2.Nc3 d6 3.f4 Nc6 4.Nf3 g6 5.Bc4 Bg7 6.O-O e6 7.d3 Nge7 8.Qe1 O-O
9.f5 d5 10.Bb3 c4 11.dxc4 dxe4 12.f6 Bxf6 13.Nxe4 Bg7 14.Bg5 f6 15.Rd1 Qc7
16.Be3 b6 17.Nd6 Na5 18.Nxc8 Qxc8 19.Nd4 e5 20.Nb5 Nxb3 21.axb3 f5 22.Qh4 Nc6
23.Bh6 Qb7 24.Bxg7 Qxg7 25.Rd6 Rac8 26.Rfd1 e4 27.c3 Ne5 28.Nd4 Rfe8 29.Qg3 Nd3
30.Rxd3 exd3 31.Qxd3 Qe7 32.Ne6 Qf7 33.Ng5 Qe7 34.Qd5+ Kh8 35.Qd4+ Kg8  1/2-1/2

[Event "Budapest zt-A"]
[Site "Budapest"]
[Date "1993.??.??"]
[Round "5"]
[White "Wojtkiewicz, Aleksander"]
[Black "Suba, Mihai"]
[Result "1-0"]
[WhiteElo "2580"]
[BlackElo "2520"]

1.Nf3 c5 2.c4 Nf6 3.Nc3 e6 4.g3 b6 5.Bg2 Bb7 6.O-O a6 7.Re1 Be7 8.e4 d6 9.d4 cxd4
10.Nxd4 Qc7 11.Be3 O-O 12.Rc1 Re8 13.f4 Bf8 14.Bf2 Nbd7 15.Qe2 g6 16.e5 Bxg2
17.Kxg2 dxe5 18.fxe5 Nh5 19.b3 Rac8 20.Nf3 Red8 21.Bd4 Bc5 22.Red1 Bxd4 23.Rxd4 Nb8
24.Rcd1 Rxd4 25.Rxd4 Nc6 26.Rd2 Ng7 27.g4 Ne8 28.Qe3 Kg7 29.Ne4 Rd8 30.Rxd8 Qxd8
31.g5 Ne7 32.Nf6 Nf5 33.Qd2 Qxd2+ 34.Nxd2 Nc7 35.Nde4 h6 36.gxh6+ Kxh6 37.Nd7 b5
38.cxb5 axb5 39.a4 Nd4 40.Nd6 b4 41.Nc5 Kg5 42.Nxf7+ Kf5 43.a5 Nc6 44.a6 g5
45.Kg3 Kg6 46.Nd6 Kh5 47.Nc8 Kg6 48.a7 Kf5 49.Nd7 Kg6 50.Ndb6 Nxe5 51.Nd6 Nc6
52.Nb5 Nxa7 53.Nxc7 Kf5 54.Nc4 Nc6 55.Na6 Nd4 56.Nc5 Ne2+ 57.Kf2 Nd4 58.Kg2 Kf4
59.Kf2 Kf5 60.Nd2 Nc6 61.Nd3 Kg4 62.Kg2 e5 63.Ne4  1-0

[Event "Budapest zt-A"]
[Site "Budapest"]
[Date "1993.??.??"]
[Round "8"]
[White "Wojtkiewicz, Aleksander"]
[Black "Rasik, Vitezslav"]
[Result "1-0"]
[WhiteElo "2580"]
[BlackElo "2405"]

1.Nf3 Nf6 2.c4 g6 3.g3 Bg7 4.Bg2 O-O 5.d4 d6 6.O-O Nc6 7.Nc3 Bf5 8.Ne1 Na5
9.e4 Bg4 10.f3 Bd7 11.Qd3 c5 12.d5 a6 13.b3 b5 14.Rb1 e6 15.g4 Rb8 16.Nc2 e5
17.Bd2 h5 18.h3 Nh7 19.Ne3 Bh6 20.Ne2 h4 21.f4 exf4 22.Nxf4 Bg7 23.Bc3 Bxc3
24.Qxc3 b4 25.Qb2 Re8 26.Rbe1 Nb7 27.Nd3 Qg5 28.Qf2 f6 29.Re2 Nd8 30.Nc2 Nf7
31.Nce1 Qh6 32.Nf3 g5 33.e5 fxe5 34.Nfxe5 Nxe5 35.Nxe5 Rf8 36.Nxd7 Rxf2 37.Rfxf2 Rd8
38.Re7 Qg6 39.Rf5 Re8 40.Re6  1-0

[Event "Budapest zt-A"]
[Site "Budapest"]
[Date "1993.??.??"]
[Round "10"]
[White "Wojtkiewicz, Aleksander"]
[Black "Cosma, Ioan"]
[Result "1-0"]
[WhiteElo "2580"]
[BlackElo "2365"]

1.Nf3 Nf6 2.c4 g6 3.g3 Bg7 4.Bg2 O-O 5.d4 d6 6.O-O c5 7.dxc5 dxc5 8.Ne5 Qd4
9.Nd3 Na6 10.Qb3 e5 11.Nc3 Qd6 12.Rd1 Qe7 13.Bg5 Rb8 14.Nd5 Qe6 15.Nxf6+ Bxf6
16.Bd5 Qe7 17.Bxf6 Qxf6 18.Qc3 Nc7 19.Qxe5 Qxe5 20.Nxe5 Ne8 21.e4 Kg7 22.Nd3 b6
23.f3 Nc7 24.a3 a5 25.b4 Nxd5 26.cxd5 Ba6 27.Ne5 axb4 28.axb4 Bb5 29.bxc5 bxc5
30.Rdc1 f6 31.Ra7+ Kg8 32.Ng4  1-0

[Event "Budapest zt-A"]
[Site "Budapest"]
[Date "1993.??.??"]
[Round "11"]
[White "Ftacnik, Lubomir"]
[Black "Wojtkiewicz, Aleksander"]
[Result "1-0"]
[WhiteElo "2535"]
[BlackElo "2580"]

1.d4 Nf6 2.c4 g6 3.Nc3 Bg7 4.e4 d6 5.Be2 O-O 6.Nf3 e5 7.O-O Nc6 8.d5 Ne7
9.Bg5 Nh5 10.Ne1 Nf4 11.Nd3 Nxe2+ 12.Qxe2 h6 13.Bd2 c6 14.Rac1 f5 15.f3 cxd5
16.cxd5 g5 17.Nb5 Bd7 18.Nf2 Qb6 19.a4 Ng6 20.Qe3 Nf4 21.Rfe1 fxe4 22.fxe4 Bxb5
23.Qxb6 axb6 24.axb5 Rfc8 25.Rxc8+ Rxc8 26.Bc3 Rc5 27.g3 Ng6 28.Bb4 Rxb5
29.Nd3 Bf8 30.Rc1 Nh8 31.Rc8 Nf7 32.g4 Kg7 33.Bc3 h5 34.b4 Nh6 35.Nb2  1-0

[Event "Eupen op"]
[Site "Eupen"]
[Date "1993.??.??"]
[Round "2"]
[White "Bews, Steven"]
[Black "Wojtkiewicz, Aleksander"]
[Result "0-1"]
[WhiteElo "2295"]
[BlackElo "2580"]

1.c4 c5 2.g3 g6 3.Bg2 Bg7 4.Nc3 Nc6 5.Nf3 d6 6.O-O Qd7 7.d3 b6 8.e4 e6 9.a3 Nge7
10.Qc2 O-O 11.Rb1 Bb7 12.b4 h6 13.b5 Nd4 14.Nxd4 cxd4 15.Ne2 Rac8 16.Qa4 a5
17.Bb2 e5 18.Qd1 f5 19.f3 h5 20.Bc1 Kh7 21.Bg5 Ng8 22.Qd2 Nh6 23.Qc1 d5 24.exd5 Bxd5
25.a4 Bb7 26.Qa3 Rfe8 27.Rbc1 Bf8 28.Qb3 Nf7 29.Bd2 Nd8 30.Rce1 Ne6 31.Nc1 Nc5
32.Qc2 e4 33.fxe4 fxe4 34.dxe4 d3 35.Qd1 Bg7 36.Rf4 Bh6 37.Rh4 Qd4+ 38.Kh1 Nxe4
39.Rexe4 Bxe4 40.Rxe4 Rxe4 41.Bxh6 Kxh6 42.Nxd3 Re3  0-1

[Event "Eupen op"]
[Site "Eupen"]
[Date "1993.??.??"]
[Round "4"]
[White "Podzielny, Karl Heinz"]
[Black "Wojtkiewicz, Aleksander"]
[Result "1-0"]
[WhiteElo "2450"]
[BlackElo "2580"]

1.Nf3 c5 2.g3 b6 3.Bg2 Bb7 4.O-O g6 5.Re1 Nf6 6.a3 Bg7 7.d3 O-O 8.e4 d6 9.Nc3 Nc6
10.Rb1 Nd7 11.Bg5 h6 12.Be3 Rc8 13.Qd2 Kh7 14.Ne2 Nf6 15.Bh3 e6 16.b4 Rc7
17.c4 Nd7 18.Bg2 Ne7 19.h4 d5 20.cxd5 exd5 21.Bf4 Rc8 22.Bd6 dxe4 23.dxe4 Nf6
24.Nc3 cxb4 25.Bxb4 Qxd2 26.Nxd2 Rfd8 27.e5 Nfd5 28.Nxd5 Nxd5 29.Bd6 Ba8
30.Ne4 Nc3 31.Nxc3 Rxc3 32.Rbc1 Rxc1 33.Rxc1 Bxg2 34.Kxg2 Rd7 35.f4 Bf6 36.Kf3 Be7
37.Rc6 Kg7 38.Ke4 b5 39.Kd5 Bd8 40.Rc8 Bb6 41.Kc6 Rd8 42.Rxd8 Bxd8 43.Kxb5 g5
44.hxg5  1-0

[Event "Eupen op"]
[Site "Eupen"]
[Date "1993.??.??"]
[Round "6"]
[White "Baumhus, Reinhard"]
[Black "Wojtkiewicz, Aleksander"]
[Result "1/2-1/2"]
[WhiteElo "2360"]
[BlackElo "2580"]

1.e4 c5 2.Nc3 d6 3.g3 Nc6 4.Bg2 g6 5.d3 Bg7 6.Be3 Qa5 7.Ne2 Nd4 8.O-O e6
9.Rb1 Ne7 10.a3 Nec6 11.b4 Qc7 12.bxc5 dxc5 13.f4 Nxe2+ 14.Nxe2 b6 15.e5 O-O
16.Nc3 f6 17.Nb5 Qd7 18.Qf3 Bb7 19.Nd6 fxe5 20.Nxb7 Rac8 21.Qe4 exf4 22.gxf4 Kh8
23.Kh1 Qxb7 24.Bxc5 Rfe8 25.Bg1 Qd7 26.Rbe1 Nd4 27.Bxd4 Bxd4 28.c4 Rcd8 29.Bh3 Qg7
30.Qc6 e5 31.fxe5 Rxe5 32.Rxe5 Qxe5 33.Qe4 Qxe4+ 34.dxe4  1/2-1/2

[Event "Wichern op"]
[Site "Hamburg"]
[Date "1993.??.??"]
[Round "2"]
[White "Dabrowska, Krystyna"]
[Black "Wojtkiewicz, Aleksander"]
[Result "1/2-1/2"]
[WhiteElo "2240"]
[BlackElo "2570"]

1.e4 c5 2.Nf3 d6 3.d4 cxd4 4.Nxd4 Nf6 5.Nc3 a6 6.Bc4 e6 7.Bb3 Be7 8.O-O O-O
9.f4 Nbd7 10.f5 Nc5 11.Qf3 e5 12.Nde2 Nxb3 13.axb3 b5 14.Bg5 Bb7 15.Bxf6 Bxf6
16.Rfd1 Rc8 17.b4 Rc4 18.Rd3 Rxb4 19.b3 Qc7 20.Rad1 Rd8 21.Kh1 a5 22.Ng3 a4
23.bxa4 bxa4 24.Nh5 Kf8 25.Ra1 Qc4 26.Qd1 Ke7 27.Ng3 Bc6 28.Nd5+ Bxd5 29.Rxd5 Rd7
30.Ra5 Rc7 31.c3 Qxc3 32.R5xa4 Rxa4 33.Qxa4 Qc1+ 34.Nf1 Qc4 35.Qa8 Bg5 36.h3 Bf4
37.Qg8 Bh6 38.Ng3 Rc8 39.f6+ Kxf6 40.Qxh7 Bf4 41.Nh5+ Ke7 42.Nxf4 exf4 43.Qxg7 Qc5
44.Qg4 Rc7 45.Qxf4 Qe5 46.Qxe5+ dxe5 47.Kg1 Rc4 48.Re1 Kf6 49.Kf2 Kg5 50.Kf3 Ra4
51.g3 f6  1/2-1/2

[Event "Wichern op"]
[Site "Hamburg"]
[Date "1993.??.??"]
[Round "9"]
[White "Wojtkiewicz, Aleksander"]
[Black "Mowsziszian, Karen"]
[Result "1-0"]
[WhiteElo "2570"]
[BlackElo "2480"]

1.Nf3 Nf6 2.c4 g6 3.g3 Bg7 4.Bg2 O-O 5.d4 d5 6.cxd5 Nxd5 7.O-O Nb6 8.Nc3 Nc6
9.d5 Nb4 10.e4 a5 11.a3 Na6 12.Bg5 h6 13.Bf4 e6 14.Re1 Re8 15.dxe6 Bxe6 16.Qc2 c6
17.Rad1 Qc8 18.Be3 Nc4 19.Bd4 Bf8 20.Qc1 Nb8 21.e5 c5 22.Be3 Nxe3 23.Qxe3 Nd7
24.Ne4 Bf5 25.Qf4 Bxe4 26.Rxe4 Nb6 27.h4 Qe6 28.Rde1 Nd5 29.Qc1 Rad8 30.Kh2 Nc7
31.a4 Rd3 32.h5 Qf5 33.hxg6 fxg6 34.R1e3 Rxe3 35.Qxe3 Ne6 36.Bh3 Qf7 37.Bf1 Rd8
38.Bc4 Kh8 39.Rf4 Qe8 40.Rf6 Nd4 41.Nh4 Bg7 42.Bf7 Qxa4 43.Rxg6 Kh7 44.e6  1-0

[Event "Heraklio op"]
[Site "Heraklio"]
[Date "1993.??.??"]
[Round "5"]
[White "Wojtkiewicz, Aleksander"]
[Black "Moutousis, Konstantinos"]
[Result "1/2-1/2"]
[WhiteElo "2570"]
[BlackElo "2425"]

1.Nf3 Nf6 2.c4 g6 3.g3 Bg7 4.Bg2 O-O 5.d4 d6 6.O-O Nbd7 7.Nc3 e5 8.e4 exd4
9.Nxd4 Re8 10.h3 a6 11.Be3 Rb8 12.Re1 c5 13.Nde2 Bf8 14.a4 Ne5 15.b3 Bd7
16.g4 h6 17.Ng3 Bc6 18.Qd2 Kh7 19.f4 Ned7 20.a5 b6 21.axb6 Rxb6 22.Qc2 Qc7
23.Ra3 Reb8 24.Rb1 Bg7 25.Bd2 Qc8 26.Bf3 Nf8 27.Nd5 Bxd5 28.exd5 Qd7 29.Kg2 Kg8
30.Ba5 R6b7 31.Bc3 Rb6 32.Ba5 R6b7 33.Re1 Re8 34.g5 Rxe1 35.gxf6 Re3 36.fxg7 Nh7
37.Bc3 Rb8 38.Rxa6 h5 39.Qd2 Rxf3 40.Kxf3 Qxh3 41.Rxd6 g5 42.fxg5 h4 43.Qf4 hxg3
44.Rd7 Qf1+ 45.Kxg3 Qg1+ 46.Kh4 Qh1+ 47.Kg3 Qg1+ 48.Kh4 Qh1+ 49.Kg3 Qg1+
50.Kh4  1/2-1/2

[Event "Heraklio op"]
[Site "Heraklio"]
[Date "1993.??.??"]
[Round "6"]
[White "Genov, Petar"]
[Black "Wojtkiewicz, Aleksander"]
[Result "1/2-1/2"]
[WhiteElo "2435"]
[BlackElo "2570"]

1.d4 Nf6 2.Nf3 g6 3.Bg5 Bg7 4.Nbd2 O-O 5.e4 d6 6.c3 h6 7.Be3 Nbd7 8.h3 e5
9.Bd3 Nh5 10.O-O Nf4 11.Bxf4 exf4 12.Re1 Re8 13.Qb3 Nb6 14.Rad1 Be6 15.Qc2 a5
16.e5 d5 17.Nf1 h5 18.h4 Bh6 19.Bxg6 fxg6 20.Qxg6+ Bg7 21.Ng5 Qd7 22.Qxh5 Re7
23.Qh7+ Kf8 24.Qg6 Kg8 25.Qh7+ Kf8 26.Qg6 Kg8 27.Qh7+ Kf8 28.Qg6  1/2-1/2

[Event "Katerini GP"]
[Site "Katerini"]
[Date "1993.??.??"]
[Round "2"]
[White "Karapanos, Nikolaos"]
[Black "Wojtkiewicz, Aleksander"]
[Result "0-1"]
[WhiteElo "2215"]
[BlackElo "2570"]

1.d4 Nf6 2.c4 g6 3.Nc3 Bg7 4.e4 d6 5.Nf3 O-O 6.Be2 e5 7.O-O Nc6 8.d5 Ne7
9.b4 Nh5 10.Nd2 Nf4 11.c5 f5 12.Nc4 g5 13.cxd6 cxd6 14.Bxf4 exf4 15.Rc1 Bxc3
16.Rxc3 fxe4 17.Bg4 Bxg4 18.Qxg4 Nf5 19.h4 Rc8 20.hxg5 b5 21.Nd2 Rxc3 22.Nxe4 Qc8
23.Nf6+ Kh8 24.Qh5 Qc7 25.Re1 Rc1 26.Rxc1 Qxc1+ 27.Kh2 Qc7 28.Qh3 Nd4 29.Qd3 Nc2
30.Qe4 a6 31.Ne8 Qf7 32.Nxd6 Qg6 33.Qe7 Qg7 34.Qe4  0-1

[Event "Katerini GP"]
[Site "Katerini"]
[Date "1993.??.??"]
[Round "4"]
[White "Makropoulou, Marina"]
[Black "Wojtkiewicz, Aleksander"]
[Result "1/2-1/2"]
[WhiteElo "2270"]
[BlackElo "2570"]

1.e4 c5 2.Nf3 d6 3.d4 cxd4 4.Nxd4 Nf6 5.Nc3 a6 6.Be2 e6 7.f4 Qc7 8.g4 b5
9.g5 Nfd7 10.a3 Nc6 11.Nxc6 Qxc6 12.Qd4 Qb6 13.Be3 Qxd4 14.Bxd4 h6 15.gxh6 Rxh6
16.h4 Bb7 17.O-O-O Nf6 18.Bf3 Nh5 19.Be3 f5 20.Rh3 g6 21.Rg1 Nf6 22.exf5 Bxf3
23.Rxf3 gxf5 24.Bd4 Kf7 25.Bxf6 Kxf6 26.Rh3 Be7 27.Ne2 Rah8 28.Rgh1 Kf7 29.h5 Bf6
30.c3 Rg8 31.Rg3 Rxg3 32.Nxg3 Rh8 33.Kd2 Bg7 34.Ke3 Bh6 35.Kf3 Rg8 36.Rd1 Ke7
37.Rd4 a5 38.a4 Bg7 39.Rd1 bxa4 40.Ra1 Rb8 41.Rxa4 Rxb2 42.Rxa5 Bxc3 43.Ra7+ Kf6
44.Ne2 Bb4 45.h6 Bc5 46.h7 Rb8 47.Rc7 Rh8 48.Ng3 Bb4 49.Rb7 Ba5 50.Ne2 Bd8
51.Nd4 Be7 52.Nb5 d5 53.Rb6 Rxh7 54.Nc7 Rh3+ 55.Kg2 Rd3 56.Rxe6+ Kf7 57.Re5  1/2-1/2

[Event "Katerini GP"]
[Site "Katerini"]
[Date "1993.??.??"]
[Round "6"]
[White "Mastrokoukos, Georgios"]
[Black "Wojtkiewicz, Aleksander"]
[Result "1/2-1/2"]
[WhiteElo "2325"]
[BlackElo "2570"]

1.d4 Nf6 2.c4 c5 3.e3 g6 4.Nf3 Bg7 5.Be2 O-O 6.O-O d5 7.cxd5 cxd4 8.exd4 Nxd5
9.Nc3 Nc6 10.Re1 Be6 11.Bf1 Bg4 12.Be2 Rc8 13.a3 Nxc3 14.bxc3 Na5 15.Qa4 b6
16.Bd2 Rc7 17.Qb4 Nc6 18.Qb2 Qd6 19.Rad1 Rfc8 20.h3 Bxf3 21.Bxf3 e6 22.Be2 Na5
23.Ba6 Ra8 24.Qa2 Qc6 25.Bf4 Rd7 26.Qb2 Rd5 27.Be2 Rc8 28.Bf3 Qb5 29.Qa2 Rf5
30.Bg3 Qb3 31.Qxb3 Nxb3 32.d5 Bxc3 33.Re3 exd5 34.Bxd5 Bd4 35.Bxb3 Bxe3 36.fxe3 Rc3
37.Rd8+ Kg7 38.Bd5 Rxe3 39.Bf3 Rxa3 40.Rd7 b5 41.Bf2 a5 42.Bd4+ Kh6 43.Bg4 Rf4
44.Be5 Re4 45.Bf6 b4 46.Rxf7 Rf4 47.Be6 Re3 48.Bg7+ Kg5 49.h4+ Rxh4 50.Bf6+ Kh6
51.Bxh4 Rxe6 52.Bd8 a4 53.Rf4 a3 54.Rxb4 a2 55.Bf6 Rxf6 56.Ra4 Kg5 57.Rxa2 h5
58.Ra4 Rf4 59.Ra3 Kg4  1/2-1/2

[Event "Katerini GP"]
[Site "Katerini"]
[Date "1993.??.??"]
[Round "8"]
[White "Kaloussis, Evangelos"]
[Black "Wojtkiewicz, Aleksander"]
[Result "0-1"]
[WhiteElo "2280"]
[BlackElo "2570"]

1.d4 Nf6 2.Nf3 g6 3.Bf4 Bg7 4.e3 O-O 5.Be2 d6 6.h3 c5 7.O-O Qb6 8.Nbd2 Be6
9.Nc4 Qc7 10.Na3 cxd4 11.exd4 Qb6 12.Nc4 Bxc4 13.Bxc4 Qxb2 14.Rb1 Qc3 15.Qe2 Nc6
16.Rb3 Nxd4 17.Nxd4 Qxd4 18.Be3 Qe4 19.Rfb1 b6 20.Ba6 Nd5 21.Bb7 Rab8 22.Qa6 Nb4
23.Bxe4 Nxa6 24.Ra3 Nc5 25.Bxc5 bxc5 26.Rxb8 Rxb8 27.Rxa7 Rb1+ 28.Kh2 Be5+
29.g3 Kf8 30.Kg2 e6 31.c4 Rb2 32.a4 Bd4 33.a5 Rxf2+ 34.Kh1 Rf1+ 35.Kg2 Rc1
36.a6 Rxc4 37.Rd7 d5 38.Bf3 Ra4 39.a7 Ra2+ 40.Kf1 Kg7 41.Be2 c4 42.Bxc4  0-1

[Event "Katowice op"]
[Site "Katowice"]
[Date "1993.??.??"]
[Round "1"]
[White "Wojtkiewicz, Aleksander"]
[Black "Spicak, Krzysztof"]
[Result "1-0"]
[WhiteElo "2580"]
[BlackElo "2240"]

1.Nf3 f5 2.b3 d6 3.d4 g6 4.g3 Bg7 5.Bb2 c5 6.Bg2 Nc6 7.O-O e6 8.c4 Qf6 9.Na3 a6
10.Nc2 Nge7 11.Rb1 cxd4 12.Ncxd4 e5 13.Nxc6 Nxc6 14.Qd2 O-O 15.Rbd1 Rd8 16.Ng5 Rf8
17.f4 h6 18.Bd5+ Kh8 19.Nf3 Ne7 20.fxe5 dxe5 21.Bxe5 Qb6+ 22.Kh1 Kh7 23.Bxg7 Kxg7
24.Ne5 Nxd5 25.cxd5 Re8 26.Ng4 g5 27.Qc3+ Kg6 28.Ne5+ Kh7 29.d6 Be6 30.d7 Re7
31.Qd4 Qxd4 32.Rxd4 Rd8 33.Rfd1 Bxb3 34.axb3 Rxe5 35.Rc1 Re7 36.Rc7 b5 37.b4 Kg7
38.Rd6 Kf7 39.Kg1 Re6 40.Rcc6 Rxd6 41.Rxd6 Ke7 42.Rxa6 Rxd7 43.Rb6 Rd5 44.Kf2 h5
45.Rh6 Rd4 46.Rxh5 Kf6 47.h4 g4 48.Rh6+ Kg7 49.Re6 Rxb4 50.e4 Rb1 51.exf5 b4
52.Rg6+ Kf7 53.Rxg4 b3 54.Rb4 Kf6 55.Rb5 b2 56.Kg2 Ra1 57.Rxb2 Kxf5 58.Rb5+ Kg6
59.Kh3 Ra3 60.h5+ Kh6 61.Kh4 Ra4+ 62.g4 Rc4 63.Rf5 Rc7 64.g5+ Kh7 65.Kg4 Ra7
66.h6 Kg6 67.Rf6+ Kh7 68.Kh5 Ra8 69.g6+ Kg8 70.Kg5 Rf8 71.h7+  1-0

[Event "Katowice op"]
[Site "Katowice"]
[Date "1993.??.??"]
[Round "2"]
[White "Szerwonski, A."]
[Black "Wojtkiewicz, Aleksander"]
[Result "0-1"]
[WhiteElo "2370"]
[BlackElo "2580"]

1.d4 d6 2.c4 e5 3.Nf3 Nd7 4.Nc3 Ngf6 5.e4 Be7 6.Be2 O-O 7.O-O c6 8.h3 Re8
9.Be3 Bf8 10.d5 a5 11.Nd2 Be7 12.Qc2 Rf8 13.Rfd1 c5 14.Rf1 Ne8 15.f4 exf4
16.Bxf4 Bg5 17.Bh2 Bf6 18.Nf3 Ne5 19.Nxe5 Bxe5 20.Bxe5 dxe5 21.Rf3 Ra6 22.Raf1 Rg6
23.Qd3 Qg5 24.R1f2 Qh4 25.Kh2 Nd6 26.Qe3 b6 27.Bf1 Bg4 28.g3 Qh5 29.Rf5 Bxf5
30.exf5 Nxf5 31.Qxe5 Nxg3 32.Qxh5 Nxh5 33.Bd3 Rf6  0-1

[Event "Katowice op"]
[Site "Katowice"]
[Date "1993.??.??"]
[Round "3"]
[White "Wojtkiewicz, Aleksander"]
[Black "Sapis, Witalis"]
[Result "1-0"]
[WhiteElo "2580"]
[BlackElo "2420"]

1.e4 c6 2.c4 d5 3.exd5 cxd5 4.cxd5 Nf6 5.Nc3 g6 6.Bc4 Bg7 7.d3 O-O 8.Nge2 Na6
9.O-O Nc7 10.Nf4 Bg4 11.f3 Bf5 12.a4 Nfe8 13.Be3 Nd6 14.Qd2 Bd7 15.g4 Qb8
16.Ne4 b5 17.axb5 Bxb5 18.Rac1 Bxc4 19.dxc4 Qxb2 20.Rc2 Qb8 21.c5 Ndb5 22.d6 exd6
23.cxd6 Ne6 24.Nxe6 fxe6 25.Rfc1 Qb7 26.Qe2 Rad8 27.Nc5 Qxf3 28.Nxe6 Qxe2
29.Rxe2 Rxd6 30.Nxf8 Bxf8 31.Rc8 Kg7 32.Rxf8 Kxf8 33.Bc5 Kf7 34.Bxd6 Nxd6
35.Ra2 Kf6 36.Rxa7 Kg5 37.h3 h5 38.Ra5+ Kh4 39.gxh5 gxh5 40.Kg2 Nf5 41.Re5 Ng3
42.Rb5 Nf5 43.Rb4+ Kg5 44.Kf2 Ng7 45.Kf3 Ne6 46.h4+ Kf5 47.Rb5+  1-0

[Event "Katowice op"]
[Site "Katowice"]
[Date "1993.??.??"]
[Round "6"]
[White "Skomorokhin, Roman"]
[Black "Wojtkiewicz, Aleksander"]
[Result "1/2-1/2"]
[WhiteElo "2445"]
[BlackElo "2580"]

1.d4 Nf6 2.c4 g6 3.Nf3 Bg7 4.g3 O-O 5.Bg2 d6 6.O-O Nc6 7.Nc3 Bf5 8.d5 Na5
9.Nd2 c6 10.e4 Bg4 11.f3 Bd7 12.Re1 Rc8 13.Bf1 cxd5 14.exd5 e6 15.Kh1 exd5
16.cxd5 Qb6 17.Rb1 Bf5 18.Nce4 Nxd5 19.b4 Nc6 20.Nc4 Qd4 21.Ncxd6 Rcd8 22.b5 Rxd6
23.bxc6 Rxc6 24.Rxb7 Rfc8 25.Qxd4 Bxd4 26.Bh6 Bg7  1/2-1/2

[Event "Katowice op"]
[Site "Katowice"]
[Date "1993.??.??"]
[Round "7"]
[White "Wojtkiewicz, Aleksander"]
[Black "Schmidt, Wlodzimierz"]
[Result "1/2-1/2"]
[WhiteElo "2580"]
[BlackElo "2425"]

1.Nf3 Nf6 2.c4 g6 3.d4 Bg7 4.g3 c6 5.Nc3 d5 6.Qb3 O-O 7.Bg2 Qb6 8.O-O Bf5
9.Ne5 Ng4 10.cxd5 Qxb3 11.axb3 Nxe5 12.dxe5 Bxe5 13.Na4 Bc7 14.Bf4 Bxf4 15.gxf4 a5
16.Nc5 b6 17.Na4 b5 18.Nc5 cxd5 19.Bxd5 Ra7 20.Rfc1 Rd8 21.Bf3 Rd2 22.b4 a4
23.Rd1 Rxd1+ 24.Rxd1 Na6 25.Nxa6 Rxa6 26.e4 Be6 27.Be2 a3 28.bxa3 Rxa3 29.Bxb5 Rb3
30.Rd4 Bh3 31.f3 Rb2 32.Rd1  1/2-1/2